000 00299nam a22001217a 4500
008 171014b xxu||||| |||| 00| 0 eng d
041 _aeng
080 _a33
100 _a52
101 _aEKO
245 _aSTRATEGIC TRADE POLICY AND THE NEW INTERNATIONAL ECONOMICS
_cKRUGMAN, P.R
942 _2udc
_cBK
999 _c33975
_d33975